000 00312nam a2200133Ia 4500
100 _aNational Productivity Council
942 _cBK
654 _aIndustry
245 _aInstruments Industry in U.S.A.
260 _bNational Productivity Council
_c2001
082 _a621.8
300 _a48
546 _aENGLISH
999 _c24435
_d24435